banner-ar

بدايات الطرق البديلة الى عام 2020 : (Record no. 8350)

MARC details
000 -الفاتح
حقل البيانات ثابتة الطول 00875nam a2200205Ia 4500
008 - عناصر البيانات ثابتة الطول - معلومات عامة
حقل البيانات ثابتة الطول 140319s9999 xx 000 0 ara d
040 ## - مصدر الفهرسة
وكالة الفهرسة الأصلية GCL /
وكالة النسخ GCL
082 04 - رقم تصنيف ديوى العشرى
رقم التصنيف ق
رقم المادة 338.962
-- ا ب
100 1# - المدخل الرئيسى - إسم شخصى
الإسم الشخصى ابراهيم العيسوى
245 10 - بيان العنوان
العنوان بدايات الطرق البديلة الى عام 2020 :
بقية العنوان الشروط الابتدائية للسيناريوهات الرئيسية لمشروع مصر 2020 /
بيان المسئوليه,etc ابراهيم العيسوى
260 ## - PUBLICATION, DISTRIBUTION, ETC. (IMPRINT)
تاريخ النشر أو التوزيع 1998
300 ## - الوصف المادى
التعداد 72 ص ؛
أبعاد الوعاء 30 سم
490 ## - بيان السلسلة
عنوان السلسلة اوراق مصر 2020
رقم المجلد/ التعيين التسلسلي 2
650 04 - المدخل الاضافى بالموضوع-مصطلح موضوعى
مصطلح موضوعي الاقتصاد
650 04 - المدخل الاضافى بالموضوع-مصطلح موضوعى
مصطلح موضوعي مصر - الاحوال الاقتصادية
650 04 - المدخل الاضافى بالموضوع-مصطلح موضوعى
مصطلح موضوعي مصر - التنمية الاقتصادية
650 04 - المدخل الاضافى بالموضوع-مصطلح موضوعى
مصطلح موضوعي مصر - التخطيط الاقتصادى
942 ## - عناصر المدخل الإضافي( كوها)
مصدر التصنيف او مخطط الترفيف Dewey Decimal Classification
Koha [default] item type كتاب
260 ## - PUBLICATION, DISTRIBUTION, ETC. (IMPRINT)
-- القاهرة :
-- منتدى العالم الثالث. مكتب الشرق الاوسط ،
Holdings
حالة التراجع حالة الفقد حالة تلف ليس للاعارة المكان المؤقت الموقع الحالى تاريخ الاكتساب اجمالي اﻻعارات رقم الطلب الباركود تاريخ اخر مشاهدة تاريخ تفعيل السعر نوع وعاء كوها
        مكتبة القاهرة الكبرى مكتبة القاهرة الكبرى 03/26/2014   ق\338.962\ ا ب 17376 10/05/2022 03/26/2014 كتاب
        مكتبة القاهرة الكبرى مكتبة القاهرة الكبرى 03/26/2014   ق\338.962\ ا ب 17377 10/05/2022 03/26/2014 كتاب
        مكتبة القاهرة الكبرى مكتبة القاهرة الكبرى 03/26/2014   ق\338.962\ ا ب 17378 03/26/2014 03/26/2014 كتاب

Powered By

EGPV